| 000 | 00719cam a22002531 4500 | ||
|---|---|---|---|
| 001 | sa 68018278 | ||
| 003 | DLC | ||
| 005 | 20260227112710.0 | ||
| 008 | 900220s1963 ii 000 0 sano | ||
| 010 | _asa 68018278 | ||
| 035 | _a(OCoLC)21095973 | ||
| 040 |
_aDLC _cWaU _dDLC |
||
| 050 | 0 | 0 |
_aPK840 _b.A8 1963 |
| 100 | 0 |
_aĀśādharabhaṭṭa, _dactive 1650-1700. |
|
| 245 | 1 | 0 | _aKovidānandaḥ. |
| 260 | _c[1963] | ||
| 300 |
_a6, 31, 6 p. _c24 cm. |
||
| 490 | 1 |
_aLaghugrantharatnaprabhāvaliḥ ; _v16 |
|
| 500 | _aIn Sanskrit. | ||
| 650 | 0 |
_aSanskrit language _xRhetoric. |
|
| 700 | 1 |
_aŚukla, Kālikāprasāda, _d1921- |
|
| 730 | 0 | _aSārasvatī suṣamā. | |
| 830 | 0 |
_aLaghugrantharatnaprabhāvali ; _v16. |
|
| 999 |
_c88298 _d88298 |
||